[Event "4. Wittelsbacher Weihnachts-Schach-Open"]
[Site "Kelheim"]
[Date "2015.12.26"]
[Round "4.14"]
[White "Wimmer, Alfred"]
[Black "Nöckler, Alexander"]
[Result "1/2-1/2"]
[WhiteElo "2026"]
[BlackElo "1933"]
[PlyCount "105"]
[EventDate "2015.??.??"]
[WhiteTeam "SC Moosburg"]
[BlackTeam "SK Weiden"]

1. d4 d5 2. c4 e6 3. Nf3 c6 4. Qc2 Be7 5. g3 Nf6 6. Bg2 O-O 7. O-O Nbd7 8. Nbd2
b6 9. e4 dxe4 10. Nxe4 Nxe4 11. Qxe4 Bb7 12. Rd1 Nf6 13. Qc2 Qc7 14. Ne5 Rfd8
15. Be3 c5 16. dxc5 Bxg2 17. Rxd8+ Qxd8 18. Kxg2 Qc7 19. Nd3 Qc6+ 20. f3 bxc5
21. Kf2 Nd7 22. Kg2 e5 23. Nf2 g6 24. Qe4 Qxe4 25. Nxe4 f5 26. Nc3 Kf7 27. Rd1
Ke6 28. Nd5 Bd6 29. Rd3 Rb8 30. b3 Rb7 31. Nc3 Nf6 32. Bg5 Nd7 33. Kf2 Bf8 34.
h4 h6 35. Be3 Nf6 36. Rd2 e4 37. Nd5 Nd7 38. fxe4 fxe4 39. Bf4 Bg7 40. Re2 Ne5
41. Bxe5 Kxe5 42. Nc3 Rf7+ 43. Kg2 Kd4 44. Nxe4 Re7 45. Nc3 Rxe2+ 46. Nxe2+ Kd3
47. Nf4+ Kc3 48. Kf3 Bf8 49. Ke4 Kb2 50. Kd3 Bd6 51. Nxg6 Bxg3 52. h5 Kxa2 53.
Kc2 1/2-1/2

[Event "4. Wittelsbacher Weihnachts-Schach-Open"]
[Site "Kelheim"]
[Date "2015.12.26"]
[Round "4.15"]
[White "Boos, Patrick"]
[Black "Meulner, Fabian"]
[Result "1/2-1/2"]
[WhiteElo "2046"]
[BlackElo "1854"]
[PlyCount "43"]
[EventDate "2015.??.??"]
[WhiteTeam "SV Worms"]
[BlackTeam "SW Nürnberg Süd"]

1. e4 e5 2. Nf3 Nc6 3. Bb5 a6 4. Bxc6 dxc6 5. O-O Bg4 6. h3 Bh5 7. g4 Bg6 8.
Nxe5 f6 9. Nf3 h5 10. d3 hxg4 11. hxg4 Qd7 12. Nh2 O-O-O 13. Qe2 Bd6 14. f4 Ne7
15. Be3 Rh4 16. Rf2 Rdh8 17. Nd2 f5 18. gxf5 Bxf5 19. exf5 Nxf5 20. Ndf1 g5 21.
Rg2 gxf4 22. Bf2 1/2-1/2

[Event "4. Wittelsbacher Weihnachts-Schach-Open"]
[Site "Kelheim"]
[Date "2015.12.26"]
[Round "4.16"]
[White "Schmitz, Marc"]
[Black "Nies, Peter"]
[Result "0-1"]
[WhiteElo "1748"]
[BlackElo "2020"]
[PlyCount "94"]
[EventDate "2015.??.??"]
[WhiteTeam "SV Saal/Donau"]
[BlackTeam "SK Gernsheim"]

1. Nf3 e6 2. b3 b6 3. Bb2 Bb7 4. g3 Bxf3 5. exf3 Nf6 6. Bg2 d5 7. O-O Bd6 8. a4
O-O 9. f4 Nbd7 10. d3 c6 11. Nd2 Qc7 12. Nf3 c5 13. Qe2 Rae8 14. Ne5 d4 15.
Rae1 Nd5 16. Nxd7 Qxd7 17. Qh5 Nb4 18. Re2 Be7 19. Rfe1 Bf6 20. h4 a5 21. f5
exf5 22. Rxe8 Rxe8 23. Rxe8+ Qxe8 24. Qxf5 Qd8 25. Be4 g6 26. Qf3 Nxc2 27. Bc1
Nb4 28. Bd2 Na2 29. Bd5 Nc3 30. Bc4 Kg7 31. g4 Qe7 32. g5 Be5 33. h5 gxh5 34.
Qxh5 Bf4 35. Qh6+ Kg8 36. Bxf4 Ne2+ 37. Kf1 Nxf4 38. Qh4 Qe2+ 39. Kg1 Qf3 40.
Bxf7+ Kh8 41. Bd5 Nxd5 42. g6 Nf6 43. Qh6 Qxf2+ 44. Kxf2 Ng4+ 45. Kf3 Nxh6 46.
gxh7 Kxh7 47. Ke4 Ng4 0-1

[Event "4. Wittelsbacher Weihnachts-Schach-Open"]
[Site "Kelheim"]
[Date "2015.12.26"]
[Round "4.17"]
[White "Müller, Jochen"]
[Black "Bildt, Thomas"]
[Result "1-0"]
[WhiteElo "1745"]
[BlackElo "1981"]
[PlyCount "51"]
[EventDate "2015.??.??"]
[WhiteTeam "Spvgg Stetten"]
[BlackTeam "SK Zirndorf"]

1. d4 d5 2. Nf3 Nf6 3. Bf4 c6 4. e3 Qb6 5. Qc1 Nh5 6. Bg3 Nxg3 7. hxg3 Bf5 8.
Nh4 Bd7 9. c4 dxc4 10. Bxc4 Na6 11. O-O e6 12. Nc3 Be7 13. Nf3 f6 14. a3 Nc7
15. b4 Nd5 16. e4 Nxc3 17. Qxc3 a5 18. Qb3 Kf7 19. d5 cxd5 20. exd5 exd5 21.
Bxd5+ Be6 22. Rfe1 Bxd5 23. Qxd5+ Kf8 24. Nd4 Qd6 25. Qxb7 Re8 26. Nf5 1-0

[Event "4. Wittelsbacher Weihnachts-Schach-Open"]
[Site "Kelheim"]
[Date "2015.12.26"]
[Round "4.18"]
[White "Meul, Willi"]
[Black "Schmitz, Björn"]
[Result "1/2-1/2"]
[WhiteElo "1829"]
[BlackElo "2052"]
[PlyCount "51"]
[EventDate "2015.??.??"]
[WhiteTeam "SV Hürth-Berrenrath"]
[BlackTeam "SV Saal/Donau"]

1. d4 Nf6 2. Nf3 g6 3. c4 Bg7 4. Nc3 O-O 5. e4 d6 6. Be2 c5 7. d5 e6 8. O-O
exd5 9. cxd5 a6 10. a4 Re8 11. Qc2 Nbd7 12. Bf4 Qc7 13. Rfe1 Ng4 14. h3 Nge5
15. Nxe5 Nxe5 16. Be3 f5 17. f4 Nf7 18. Bf3 Bd7 19. Bf2 Nh6 20. Qd2 fxe4 21.
Nxe4 Nf5 22. Ra3 Rad8 23. g4 Nd4 24. Bd1 b5 25. axb5 axb5 26. Qa5 1/2-1/2

[Event "4. Wittelsbacher Weihnachts-Schach-Open"]
[Site "Kelheim"]
[Date "2015.12.26"]
[Round "4.19"]
[White "Schmidt, Franz"]
[Black "Schmid, Bernhard"]
[Result "0-1"]
[WhiteElo "1828"]
[BlackElo "1904"]
[PlyCount "118"]
[EventDate "2015.??.??"]
[WhiteTeam "SK Abensberg"]
[BlackTeam "SC Sinzing"]

1. e4 e6 2. d4 d5 3. Nc3 Nf6 4. e5 Nfd7 5. f4 c5 6. Nf3 Nc6 7. Be3 Qb6 8. Na4
Qa5+ 9. c3 cxd4 10. b4 Nxb4 11. cxb4 Bxb4+ 12. Bd2 Bxd2+ 13. Nxd2 O-O 14. Bd3
b5 15. Nb2 Nb6 16. O-O Nc4 17. Bxh7+ Kxh7 18. Qh5+ Kg8 19. Nf3 g6 20. Qh6 Qc7
21. Nd3 f6 22. Qxg6+ Qg7 23. Qxg7+ Kxg7 24. exf6+ Rxf6 25. Nxd4 Bd7 26. Nc5 Rd8
27. Nxd7 Rxd7 28. Nxb5 Rb7 29. Nc3 Rb2 30. g3 Rh6 31. Rf2 Rxf2 32. Kxf2 Rxh2+
33. Kf3 d4 34. Ne4 Nd2+ 35. Nxd2 Rxd2 36. Ke4 Rg2 37. Kxd4 Rxg3 38. a4 Kf6 39.
Ke4 Rb3 40. Rh1 Rb4+ 41. Ke3 Rxa4 42. Rh6+ Ke7 43. Rh8 Kd6 44. Rd8+ Kc5 45. Re8
Ra1 46. Rc8+ Kd6 47. Rd8+ Kc7 48. Rd3 a5 49. Kd4 a4 50. Ke5 Re1+ 51. Kf6 Re4
52. Kg5 Kc6 53. Rd8 Kc5 54. Rb8 a3 55. Ra8 Kb4 56. Kg4 Kb3 57. Kf3 Rb4 58. Ra6
a2 59. Ke3 Kb2 0-1

[Event "4. Wittelsbacher Weihnachts-Schach-Open"]
[Site "Kelheim"]
[Date "2015.12.26"]
[Round "4.20"]
[White "Schindler, Tobias"]
[Black "Lohr, Werner"]
[Result "1/2-1/2"]
[WhiteElo "1748"]
[BlackElo "1911"]
[PlyCount "99"]
[EventDate "2015.??.??"]
[WhiteTeam "SK Kelheim"]
[BlackTeam "TSV Mainburg"]

1. c4 e6 2. g3 d5 3. Bg2 c6 4. Nf3 Bd6 5. O-O f5 6. d3 Nf6 7. Nbd2 O-O 8. b3
Nbd7 9. Bb2 e5 10. cxd5 cxd5 11. e4 fxe4 12. dxe4 d4 13. Ne1 Nc5 14. b4 Ne6 15.
Nd3 Kh8 16. Nc4 Qe7 17. Qd2 Nd7 18. f4 b5 19. Nxd6 Qxd6 20. Nxe5 Nxe5 21. fxe5
Rxf1+ 22. Rxf1 Qxe5 23. Bxd4 Qc7 24. Qc3 Qxc3 25. Bxc3 Kg8 26. Rd1 Kf7 27. Kf2
Ke7 28. Rc1 Bd7 29. Bb2 a5 30. bxa5 Rxa5 31. a3 Ra8 32. Bh3 g6 33. Bc3 Ng5 34.
Bb4+ Ke8 35. Bxd7+ Kxd7 36. Ke3 Re8 37. Rd1+ Kc6 38. Rd6+ Kc7 39. Rd4 Ne6 40.
Rd1 Ng5 41. Bd6+ Kc6 42. e5 Re6 43. Rc1+ Kb6 44. Rc7 h5 45. Re7 Kc6 46. Rxe6
Nxe6 47. h4 Kd5 48. Kd3 g5 49. hxg5 Nxg5 50. Ke3 1/2-1/2

[Event "4. Wittelsbacher Weihnachts-Schach-Open"]
[Site "Kelheim"]
[Date "2015.12.26"]
[Round "4.21"]
[White "Gets, Alexej"]
[Black "Bumes, Konrad"]
[Result "0-1"]
[WhiteElo "1785"]
[BlackElo "2022"]
[PlyCount "82"]
[EventDate "2015.??.??"]
[WhiteTeam "SC Noris-Tarrasch Nürnberg"]
[BlackTeam "SC Haar"]

1. b3 d5 2. Bb2 Nf6 3. e3 Bf5 4. Nf3 e6 5. Nh4 Bg6 6. Nxg6 hxg6 7. Na3 c6 8. c4
Nbd7 9. cxd5 exd5 10. Nc2 Bd6 11. g3 Be5 12. d4 Bd6 13. Bg2 Qa5+ 14. Qd2 Qxd2+
15. Kxd2 Ng4 16. Ke2 Nxh2 17. a4 Ke7 18. a5 a6 19. Ne1 Ng4 20. Nd3 Rh6 21. b4
Rah8 22. Rxh6 Rxh6 23. Bf3 Ngf6 24. Rh1 g5 25. Nc5 g4 26. Bg2 Nxc5 27. bxc5 Bc7
28. Bc3 Rxh1 29. Bxh1 Ne4 30. Bb4 Ke6 31. Bg2 g5 32. Be1 f5 33. Kd3 Nf6 34. Bd2
Nh5 35. Bf1 f4 36. exf4 gxf4 37. gxf4 Bxf4 38. Bxf4 Nxf4+ 39. Ke3 Kf5 40. Kd2
Ke4 41. Ke1 Kf3 0-1

[Event "4. Wittelsbacher Weihnachts-Schach-Open"]
[Site "Kelheim"]
[Date "2015.12.26"]
[Round "4.22"]
[White "Malzer, Werner"]
[Black "Klenk, Sofie"]
[Result "0-1"]
[WhiteElo "1904"]
[BlackElo "1823"]
[PlyCount "48"]
[EventDate "2015.??.??"]
[WhiteTeam "TSV Kirchenlaibach"]
[BlackTeam "SC Tarrasch München"]

1. e4 c5 2. Nc3 Nc6 3. Nf3 g6 4. Bc4 Bg7 5. O-O d6 6. Re1 Bg4 7. Bxf7+ Kd7 8.
Bc4 Nd4 9. Ne5+ Bxe5 10. Qxg4+ Kc7 11. Nd5+ Kc6 12. Qd1 e6 13. Ne3 h5 14. c3
Bxh2+ 15. Kxh2 Qh4+ 16. Kg1 Rf8 17. Rf1 Nf6 18. g3 Qh3 19. Bxe6 Ng4 20. Qa4+
Kc7 21. Qd7+ Kb8 22. Qxd6+ Ka8 23. Qxf8+ Rxf8 24. Bxg4 hxg4 0-1

[Event "4. Wittelsbacher Weihnachts-Schach-Open"]
[Site "Kelheim"]
[Date "2015.12.26"]
[Round "4.23"]
[White "Seifert, Werner"]
[Black "Winkelmeier, Alfred"]
[Result "1/2-1/2"]
[WhiteElo "1985"]
[BlackElo "1691"]
[PlyCount "53"]
[EventDate "2015.??.??"]
[WhiteTeam "SV WB Allianz München"]
[BlackTeam "SV Ilmmünster"]

1. e4 c5 2. d4 cxd4 3. c3 d3 4. Bxd3 Nc6 5. c4 Nf6 6. Nc3 a6 7. Nf3 Qc7 8. Be3
e6 9. Qd2 Ng4 10. Bf4 Bd6 11. Bxd6 Qxd6 12. Rd1 Nce5 13. Nxe5 Nxe5 14. Be2
Qxd2+ 15. Rxd2 Ke7 16. c5 Rd8 17. O-O f6 18. Na4 d6 19. Nb6 Rb8 20. cxd6+ Rxd6
21. Rxd6 Kxd6 22. Rc1 Nc6 23. f4 Kc7 24. Nd5+ Kd6 25. Nb6 Kc7 26. Nd5+ Kd6 27.
Nb6 1/2-1/2

[Event "4. Wittelsbacher Weihnachts-Schach-Open"]
[Site "Kelheim"]
[Date "2015.12.26"]
[Round "4.24"]
[White "Mühlich, Cornelius"]
[Black "Bader, Dominic"]
[Result "1/2-1/2"]
[WhiteElo "1771"]
[BlackElo "2092"]
[PlyCount "53"]
[EventDate "2015.??.??"]
[WhiteTeam "SK Kelheim"]
[BlackTeam "SG Büchenbach/Roth"]

1. c4 Nf6 2. g3 e6 3. Bg2 c5 4. Nf3 Nc6 5. O-O Be7 6. b3 Qc7 7. Bb2 a6 8. d4
cxd4 9. Nxd4 d6 10. e4 O-O 11. Nc3 Bd7 12. Qd2 Rad8 13. Rad1 Rfe8 14. Ba3 Nxd4
15. Qxd4 Qa5 16. Bb2 Bc6 17. Rfe1 Bf8 18. a3 Qc5 19. b4 Qxd4 20. Rxd4 b5 21.
cxb5 axb5 22. Red1 Nd7 23. Bf1 Ne5 24. Be2 Rb8 25. f4 Ng6 26. R4d2 Rec8 27. Kf2
1/2-1/2

[Event "4. Wittelsbacher Weihnachts-Schach-Open"]
[Site "Kelheim"]
[Date "2015.12.26"]
[Round "4.25"]
[White "Broszeit, Peter"]
[Black "Ebenhöch, Daniel"]
[Result "0-1"]
[WhiteElo "2012"]
[BlackElo "2041"]
[PlyCount "73"]
[EventDate "2015.??.??"]
[WhiteTeam "SV Erkenschwick"]
[BlackTeam "SK Ingolstadt"]

1. e4 c5 2. Nf3 e6 3. d4 cxd4 4. Nxd4 a6 5. g3 Qc7 6. Bg2 Nf6 7. O-O d6 8. Qe2
Nbd7 9. c4 Be7 10. Nc3 O-O 11. b3 Re8 12. Bb2 Bf8 13. Rac1 Qb8 14. Qd2 Ne5 15.
h3 Bd7 16. f4 Ng6 17. Kh2 h5 18. Nf3 Bc6 19. Ng5 Rd8 20. Ne2 d5 21. Nxf7 Kxf7
22. f5 exf5 23. Qg5 dxe4 24. Rxf5 Be7 25. Rcf1 Qd6 26. Qxh5 Rh8 27. Qg5 b6 28.
Nc3 Nh4 29. Nxe4 Bxe4 30. Be5 Nxf5 31. Bxd6 Nxd6 32. Bxe4 Ndxe4 33. Qd5+ Kg6
34. Qf5+ Kh6 35. g4 g6 36. Qe6 Rad8 37. Kg2 0-1

[Event "4. Wittelsbacher Weihnachts-Schach-Open"]
[Site "Kelheim"]
[Date "2015.12.26"]
[Round "4.26"]
[White "Weigert, Wilhelm"]
[Black "Brassat, Jürgen"]
[Result "1-0"]
[WhiteElo "2044"]
[BlackElo "1889"]
[PlyCount "53"]
[EventDate "2015.??.??"]
[WhiteTeam "Post Regensburg"]
[BlackTeam "SV Altbach"]

1. c4 c5 2. Nc3 b6 3. e4 e6 4. Nf3 Bb7 5. d4 cxd4 6. Nxd4 a6 7. Bd3 Nc6 8. Be3
Nge7 9. O-O Nxd4 10. Bxd4 Nc6 11. Be3 Bc5 12. Re1 Bxe3 13. Rxe3 Ne7 14. Qg4 g6
15. Rae1 Qc7 16. Nd5 Nxd5 17. cxd5 O-O-O 18. Bxa6 Kb8 19. Rc3 Qd6 20. Bxb7 Kxb7
21. Rd1 Qb4 22. Qf4 Rc8 23. Qxf7 Rxc3 24. bxc3 Qa4 25. Rb1 Qd4 26. Qxd7+ Ka6
27. Qb5+ 1-0

[Event "4. Wittelsbacher Weihnachts-Schach-Open"]
[Site "Kelheim"]
[Date "2015.12.26"]
[Round "4.27"]
[White "Strasser, Josef"]
[Black "Taube, Hubertus"]
[Result "0-1"]
[WhiteElo "1892"]
[BlackElo "2041"]
[PlyCount "54"]
[EventDate "2015.??.??"]
[WhiteTeam "SU München"]
[BlackTeam "SK Neuperlach"]

1. e4 c6 2. d4 d5 3. e5 Bf5 4. Nf3 e6 5. Be2 c5 6. O-O Nc6 7. Bb5 Qb6 8. Bxc6+
bxc6 9. Nc3 cxd4 10. Nxd4 Bg6 11. b3 c5 12. Nf3 Ne7 13. Na4 Qc7 14. Ba3 Nc8 15.
Qe2 Nb6 16. Nb2 Be7 17. c3 O-O 18. Nd1 Rfd8 19. Rc1 a5 20. Bb2 a4 21. Ne3 axb3
22. axb3 Ra2 23. Rfd1 Nd7 24. Rxd5 Be4 25. Rd2 Bxf3 26. Qxf3 Nxe5 27. Qd1 Rxb2
0-1

[Event "4. Wittelsbacher Weihnachts-Schach-Open"]
[Site "Kelheim"]
[Date "2015.12.26"]
[Round "4.28"]
[White "Seidenschwarz, Holger"]
[Black "Klarl, Wolfgang"]
[Result "1-0"]
[WhiteElo "2017"]
[BlackElo "1942"]
[PlyCount "75"]
[EventDate "2015.??.??"]
[WhiteTeam "SK Kelheim"]
[BlackTeam "SK Kelheim"]

1. e4 c6 2. d4 d5 3. exd5 cxd5 4. c4 Nf6 5. Nc3 dxc4 6. Bxc4 e6 7. Nf3 Nc6 8.
O-O Be7 9. a3 O-O 10. Be3 Nd5 11. Qd3 Bf6 12. Rfd1 a6 13. Ne4 Nxe3 14. Qxe3 Be7
15. d5 exd5 16. Bxd5 Qe8 17. Re1 Bd7 18. Qb3 Qc8 19. Neg5 Bxg5 20. Nxg5 Be8 21.
Qd3 g6 22. Qc4 Nd8 23. Qh4 h5 24. Qe4 Kg7 25. Qe5+ Kh6 26. Qe7 Kg7 27. Qe5+ Kg8
28. Qf6 Qf5 29. Qxf5 gxf5 30. Re7 Rb8 31. Rae1 Bc6 32. Ba2 b5 33. Rc1 Rb7 34.
Rxb7 Bxb7 35. h4 Re8 36. Rc7 Re1+ 37. Kh2 Re2 38. Nxf7 1-0

[Event "4. Wittelsbacher Weihnachts-Schach-Open"]
[Site "Kelheim"]
[Date "2015.12.26"]
[Round "4.29"]
[White "Kues, Manuel"]
[Black "Hummel, Thomas"]
[Result "1/2-1/2"]
[WhiteElo "1986"]
[BlackElo "1918"]
[PlyCount "62"]
[EventDate "2015.??.??"]
[WhiteTeam "TSV Kareth-Lappersdorf"]
[BlackTeam "SK Neumarkt"]

1. e4 Nf6 2. Nc3 d6 3. d4 c6 4. Nf3 g6 5. Bd3 Bg4 6. Be3 Bg7 7. h3 Bxf3 8. Qxf3
Nbd7 9. O-O Qc7 10. Rab1 O-O 11. Kh1 a6 12. g4 e5 13. dxe5 dxe5 14. Qg3 b5 15.
f4 Rfe8 16. Ne2 c5 17. c3 Qc6 18. f5 Rac8 19. Qf3 c4 20. Bc2 Nc5 21. Bxc5 Qxc5
22. Rbd1 Rcd8 23. Ng3 g5 24. Kg2 h6 25. Qf2 Qxf2+ 26. Kxf2 Bf8 27. Ke2 Bc5 28.
Rfe1 Kf8 29. Nf1 h5 30. Nh2 hxg4 31. Nxg4 Nxg4 1/2-1/2

[Event "4. Wittelsbacher Weihnachts-Schach-Open"]
[Site "Kelheim"]
[Date "2015.12.26"]
[Round "4.30"]
[White "Meckel, Helmut"]
[Black "Bruckmeier, Bernhard"]
[Result "1/2-1/2"]
[WhiteElo "1777"]
[BlackElo "1931"]
[PlyCount "120"]
[EventDate "2015.??.??"]
[WhiteTeam "SG Solingen"]

1. b4 d5 2. Bb2 Bf5 3. e3 e6 4. b5 Nf6 5. f4 Bd6 6. Nf3 Nbd7 7. c4 c5 8. Nc3
Qc7 9. cxd5 exd5 10. g3 O-O 11. Nh4 Bg4 12. Nxd5 Qd8 13. Nxf6+ Nxf6 14. Be2 Bh3
15. Bf3 Qd7 16. a4 Rfd8 17. Qe2 Be7 18. Rc1 b6 19. Bc3 Nd5 20. Ng2 Nb4 21. Bxb4
cxb4 22. Be4 Qe6 23. Bb1 Bg4 24. Qf2 Bf5 25. O-O Bxb1 26. Rxb1 Qa2 27. d4 Qxa4
28. Qe2 Rac8 29. Ra1 Qc2 30. Qxc2 Rxc2 31. Rxa7 Re8 32. Rb1 Rc3 33. Rb7 b3 34.
Rxb6 Ba3 35. Rc6 Rd3 36. b6 b2 37. b7 Rb3 38. Rc8 Kf8 39. Ra8 Rxb7 40. Rxa3 Rc8
41. Rd3 Rc1+ 42. Rd1 Rbc7 43. Rxb2 Rxd1+ 44. Kf2 Ke7 45. Kf3 Rf1+ 46. Ke2 Rh1
47. h4 f5 48. Rd2 Kd6 49. Ra2 g6 50. h5 Rxh5 51. Nh4 Rc6 52. Kd3 Ke6 53. Ra7
Kd6 54. Nf3 Rh1 55. Ng5 Rcc1 56. Rxh7 Rhd1+ 57. Ke2 Re1+ 58. Kf2 Rf1+ 59. Ke2
Rfe1+ 60. Kf2 Rf1+ 1/2-1/2

[Event "4. Wittelsbacher Weihnachts-Schach-Open"]
[Site "Kelheim"]
[Date "2015.12.26"]
[Round "4.31"]
[White "Koellner, Ulrich"]
[Black "Vilsmeier, Christian"]
[Result "1/2-1/2"]
[WhiteElo "1865"]
[BlackElo "1994"]
[PlyCount "49"]
[EventDate "2015.??.??"]
[WhiteTeam "SV Hofheim"]
[BlackTeam "DJK-Regensburg Nord"]

1. d4 Nf6 2. c4 g6 3. Nc3 Bg7 4. e4 d6 5. f3 O-O 6. Bg5 h6 7. Be3 e5 8. d5 Kh7
9. Bd3 Nh5 10. Nge2 f5 11. Ng3 Qh4 12. Bf2 f4 13. Nf5 Qd8 14. Nxg7 Nxg7 15. g4
Nd7 16. b4 c6 17. a4 a5 18. dxc6 bxc6 19. b5 c5 20. Nd5 Ne6 21. h4 Kg7 22. Kd2
Nd4 23. Kc3 Bb7 24. Kb2 Nb6 25. Nxb6 1/2-1/2

[Event "4. Wittelsbacher Weihnachts-Schach-Open"]
[Site "Kelheim"]
[Date "2015.12.26"]
[Round "4.32"]
[White "Bartonicek, Zdenek"]
[Black "Guckes, Fabian"]
[Result "1-0"]
[WhiteElo "1905"]
[BlackElo "1681"]
[PlyCount "45"]
[EventDate "2015.??.??"]
[WhiteTeam "TSV Kirchenlaibach"]
[BlackTeam "SV Worms"]

1. e4 c5 2. d4 cxd4 3. c3 e6 4. cxd4 d5 5. e5 Nc6 6. Nf3 Nge7 7. Bd3 Nb4 8. Be2
Ng6 9. O-O Be7 10. Nc3 O-O 11. g3 Bd7 12. a3 Nc6 13. h4 f6 14. h5 Nh8 15. Kg2
f5 16. Rh1 Nf7 17. Be3 a6 18. b4 Qe8 19. Qd2 h6 20. Nh4 Kh7 21. Ng6 Rg8 22. g4
fxg4 23. Qd3 1-0

[Event "4. Wittelsbacher Weihnachts-Schach-Open"]
[Site "Kelheim"]
[Date "2015.12.26"]
[Round "4.33"]
[White "Gabler, Eric"]
[Black "Lukas, Anne"]
[Result "1-0"]
[WhiteElo "1919"]
[BlackElo "1810"]
[PlyCount "83"]
[EventDate "2015.??.??"]
[WhiteTeam "TV Geiselhöring"]
[BlackTeam "SK Gernsheim"]

1. d4 Nf6 2. c4 c5 3. d5 d6 4. Nc3 g6 5. e4 Bg7 6. Nf3 O-O 7. Bd3 e6 8. O-O
exd5 9. cxd5 Bg4 10. Re1 a6 11. a4 Nbd7 12. h3 Bxf3 13. Qxf3 Ne5 14. Qe2 Ne8
15. f4 Nd7 16. Be3 Nc7 17. Rab1 Rb8 18. Rec1 Re8 19. b4 b6 20. Qf3 cxb4 21.
Rxb4 Nc5 22. Bd4 Bxd4+ 23. Rxd4 Qf6 24. Rc4 Re7 25. g3 Nb3 26. e5 dxe5 27. Ne4
Qf5 28. d6 Nxc1 29. Rxc1 Rd7 30. dxc7 Rc8 31. Nd6 Qxh3 32. Nxc8 exf4 33. Ne7+
Rxe7 34. c8=Q+ Qxc8 35. Rxc8+ Kg7 36. Qxf4 b5 37. Qd4+ Kh6 38. Qh4+ Kg7 39.
Qxe7 bxa4 40. Rf8 a3 41. Rxf7+ Kh6 42. Rxh7# 1-0

[Event "4. Wittelsbacher Weihnachts-Schach-Open"]
[Site "Kelheim"]
[Date "2015.12.26"]
[Round "4.34"]
[White "Schindler, Gernot"]
[Black "Stutz, Robert"]
[Result "1-0"]
[WhiteElo "2028"]
[BlackElo "1829"]
[PlyCount "111"]
[EventDate "2015.??.??"]
[WhiteTeam "SK Kelheim"]
[BlackTeam "TSV Grossmehring"]

1. Nf3 d5 2. g3 c6 3. Bg2 Bg4 4. O-O f5 5. c4 e6 6. Qb3 Qb6 7. Qc2 Nf6 8. h3
Bxf3 9. Bxf3 Nbd7 10. d3 Bd6 11. Be3 d4 12. Bd2 O-O 13. e3 e5 14. a4 a5 15. Na3
Nc5 16. Bg2 Qb3 17. exd4 exd4 18. Rfd1 Qxc2 19. Nxc2 Nb3 20. Rab1 h6 21. f4
Rfe8 22. Bf3 g6 23. Be1 Bc5 24. Bf2 Re7 25. Na1 Nxa1 26. Rxa1 g5 27. fxg5 hxg5
28. g4 fxg4 29. hxg4 Nd7 30. Be4 Ne5 31. Bf5 Kg7 32. Kg2 Ng6 33. Bxg6 Kxg6 34.
Re1 Rae8 35. Rxe7 Rxe7 36. Re1 Rxe1 37. Bxe1 Bb6 38. Kf3 Kf6 39. Ke4 Ke6 40.
Bd2 Kf6 41. b3 c5 42. Kd5 Kg6 43. Be1 Kf7 44. Bg3 Ke7 45. Bd6+ Kf6 46. Bxc5
Bxc5 47. Kxc5 Ke5 48. Kb6 Kf4 49. Kxb7 Kxg4 50. c5 Kf3 51. c6 g4 52. c7 g3 53.
c8=Q g2 54. Qh3+ Kf2 55. Qh2 Kf1 56. Qf4+ 1-0

[Event "4. Wittelsbacher Weihnachts-Schach-Open"]
[Site "Kelheim"]
[Date "2015.12.26"]
[Round "4.35"]
[White "Schulz, Siegfried"]
[Black "Müller, Johannes"]
[Result "0-1"]
[WhiteElo "1831"]
[BlackElo "1982"]
[PlyCount "84"]
[EventDate "2015.??.??"]
[WhiteTeam "TSV Kirchenlaibach"]
[BlackTeam "SK Kelheim"]

1. d4 Nf6 2. Nf3 g6 3. c4 Bg7 4. Nc3 d5 5. cxd5 Nxd5 6. e4 Nxc3 7. bxc3 c5 8.
Be3 Qa5 9. Qd2 O-O 10. h3 Nc6 11. Bc4 Rd8 12. Rd1 e6 13. O-O b5 14. Bb3 c4 15.
Bc2 Bb7 16. Bb1 Qa3 17. Qc2 a5 18. Bc1 Qe7 19. Bg5 f6 20. Be3 Rdc8 21. Rfe1 b4
22. d5 exd5 23. exd5 Ne5 24. Nxe5 Qxe5 25. d6 Qb5 26. Bf4 b3 27. Qd2 Rd8 28.
Bh6 Rd7 29. Bxg7 Kxg7 30. Re6 Bc6 31. Qd4 Rf8 32. Rde1 Qd5 33. R1e4 Qxd4 34.
Rxd4 Rfd8 35. f4 Kf7 36. f5 gxf5 37. Bxf5 bxa2 38. Re1 Rxd6 39. Rxd6 Rxd6 40.
Ra1 Rd2 41. g3 Bf3 42. Re1 Rd1 0-1

[Event "4. Wittelsbacher Weihnachts-Schach-Open"]
[Site "Kelheim"]
[Date "2015.12.26"]
[Round "4.36"]
[White "Brack, Johannes"]
[Black "Zinner, Bernhard"]
[Result "0-1"]
[WhiteElo "1940"]
[BlackElo "1795"]
[PlyCount "54"]
[EventDate "2015.??.??"]
[WhiteTeam "Regensburger Turnerschaft"]
[BlackTeam "TV Geiselhöring"]

1. d4 d5 2. Nf3 Nf6 3. e3 c5 4. c3 cxd4 5. exd4 g6 6. Bf4 Nc6 7. Nbd2 Bg4 8.
Qb3 Qb6 9. Bb5 Bxf3 10. Nxf3 Bg7 11. Ne5 Rc8 12. Bg5 e6 13. Qb4 Qc7 14. O-O a6
15. Nxc6 bxc6 16. Bxa6 Rb8 17. Qa3 Ra8 18. b4 Ne4 19. Bh4 O-O 20. c4 Nd2 21. b5
Bxd4 22. Qd3 Bxa1 23. Rxa1 Qe5 24. Rc1 Nxc4 25. a4 Qf4 26. Ra1 Qxh4 27. Bb7
cxb5 0-1

[Event "4. Wittelsbacher Weihnachts-Schach-Open"]
[Site "Kelheim"]
[Date "2015.12.26"]
[Round "4.37"]
[White "Altmann, Jens"]
[Black "Ulmer, Heinz"]
[Result "1-0"]
[WhiteElo "1988"]
[BlackElo "1914"]
[PlyCount "73"]
[EventDate "2015.??.??"]
[WhiteTeam "SF Leipzig-Südost"]

1. e4 d5 2. exd5 Qxd5 3. Nc3 Qa5 4. d4 c6 5. Bc4 Nf6 6. Bd2 Qc7 7. Nf3 Bg4 8.
O-O e6 9. Re1 Be7 10. Qe2 O-O 11. h3 Bxf3 12. Qxf3 Nbd7 13. Rad1 Rfe8 14. Bg5
Rad8 15. Ne2 Nd5 16. Bxe7 Rxe7 17. Bb3 Rde8 18. Ng3 N5f6 19. c3 Nb6 20. Bc2 Nc4
21. b3 Nd6 22. Qd3 g6 23. c4 b6 24. h4 Nf5 25. Qf3 c5 26. d5 exd5 27. Rxe7 Qxe7
28. Bxf5 gxf5 29. Nxf5 Qe4 30. Qg3+ Ng4 31. Nh6+ Kf8 32. Nxg4 Qe2 33. Rf1 d4
34. Nf6 Re6 35. Nxh7+ Ke7 36. Ng5 Rg6 37. Qc7+ 1-0

[Event "4. Wittelsbacher Weihnachts-Schach-Open"]
[Site "Kelheim"]
[Date "2015.12.26"]
[Round "4.38"]
[White "Häusler, Florian"]
[Black "Timar-Geng, Zoltan"]
[Result "0-1"]
[WhiteElo "1806"]
[BlackElo "1929"]
[PlyCount "82"]
[EventDate "2015.??.??"]
[WhiteTeam "TSV Kareth-Lappersdorf"]
[BlackTeam "SV Lingen"]

1. e4 e5 2. Nf3 Nc6 3. Bb5 Nge7 4. d4 exd4 5. Nxd4 a6 6. Nxc6 Nxc6 7. Bxc6 bxc6
8. O-O Be7 9. c4 O-O 10. Nc3 Re8 11. f4 Rb8 12. Qf3 Bb4 13. e5 d5 14. cxd5 Bc5+
15. Kh1 cxd5 16. Qxd5 Qe7 17. Qf3 Bb7 18. Qg3 Ba8 19. b3 Rbd8 20. Na4 Bd4 21.
Bb2 Bxb2 22. Nxb2 Rd2 23. Rf2 Red8 24. Nc4 R2d3 25. Qg5 Qc5 26. Rff1 Qd4 27. h3
h6 28. Qg4 Qc3 29. Rad1 Rxh3+ 30. Kg1 Rhd3 31. Rxd3 Qxd3 32. e6 Qd4+ 33. Kh1
fxe6 34. Qxe6+ Kh8 35. Ne5 Qd2 36. Qg6 Rf8 37. Nf3 Qxf4 38. Qd3 Bxf3 39. Rxf3
Qh4+ 40. Kg1 Re8 41. Qf1 Re1 0-1

[Event "4. Wittelsbacher Weihnachts-Schach-Open"]
[Site "Kelheim"]
[Date "2015.12.26"]
[Round "4.39"]
[White "Aunkofer, Günter"]
[Black "Brunner, Tobias"]
[Result "1/2-1/2"]
[WhiteElo "1826"]
[BlackElo "1639"]
[PlyCount "42"]
[EventDate "2015.??.??"]
[WhiteTeam "TSV Mainburg"]
[BlackTeam "TSV Nittenau"]

1. e4 d5 2. exd5 Qxd5 3. Nc3 Qa5 4. d4 c6 5. Nf3 Bf5 6. Bc4 e6 7. Bd2 Qc7 8.
Qe2 Nd7 9. O-O-O Be7 10. Ne5 Nxe5 11. dxe5 O-O-O 12. g4 Bg6 13. h4 h5 14. g5
Bc5 15. Na4 Bd4 16. Bc3 Bxc3 17. Nxc3 Ne7 18. Ne4 Nf5 19. f4 Nd4 20. Qe3 Bxe4
21. Qxe4 Nf5 1/2-1/2

[Event "4. Wittelsbacher Weihnachts-Schach-Open"]
[Site "Kelheim"]
[Date "2015.12.26"]
[Round "4.40"]
[White "Obermeier, Johannes"]
[Black "Pohl, Steffen"]
[Result "0-1"]
[WhiteElo "1807"]
[BlackElo "1869"]
[PlyCount "60"]
[EventDate "2015.??.??"]
[WhiteTeam "SK Kelheim"]
[BlackTeam "SK Schwanstetten"]

1. e4 e6 2. d4 d5 3. Nd2 Nf6 4. e5 Nfd7 5. Bd3 c5 6. c3 Nc6 7. Ne2 cxd4 8. cxd4
f6 9. exf6 Nxf6 10. Nf3 Bd6 11. O-O O-O 12. Bg5 Bd7 13. Bh4 Be8 14. Bg3 Bh5 15.
Qb3 Bxf3 16. gxf3 Nh5 17. Qxb7 Nb4 18. Rad1 Nxg3 19. fxg3 a6 20. a3 Rf7 21.
Qxa8 Qxa8 22. axb4 Bxb4 23. Nf4 Qc6 24. Rc1 Qb6 25. Ne2 e5 26. Kg2 exd4 27.
Rfd1 g6 28. Bc2 Bc5 29. b3 Re7 30. Rd2 Bb4 0-1